| 000 | 05324cam a22018254i 4500 | ||
|---|---|---|---|
| 003 | PE-LiUPU | ||
| 005 | 20250813165735.0 | ||
| 008 | 150706s2002 sp a r 000 0 spa d | ||
| 020 | _a8493133043 | ||
| 020 | _a9788493133047 | ||
| 035 | _a(Sirsi) a47152 | ||
| 040 |
_aPE-LiUPU _bspa _cPE-LiUPU _dPE-LiUPU _erda |
||
| 049 | _aPRUA | ||
| 082 | 0 | 4 |
_a610.73 _bM491é _221 |
| 100 | 1 |
_aMedina Castellano, Carmen Delia, _eautor. |
|
| 245 | 1 | 0 |
_aÉtica y legislación / _cCarmen Delia Medina Castellano. |
| 250 | _a2a edición. | ||
| 264 | 1 |
_aMadrid : _bDifusión Avances de Enfermería, _c2002. |
|
| 300 |
_a310 páginas : _bilustraciones ; _c28 centímetros. |
||
| 336 |
_atext _2rdacontent |
||
| 337 |
_aunmediated _2rdamedia |
||
| 338 |
_avolume _2rdacarrier |
||
| 490 | 0 | _aEnfermería S 21 | |
| 505 | 0 | _aIntroducción a la ética -- Nociones generales sobre la ética -- Introducción a la ética. moral, deontología y derecho -- La ética de las profesiones -- Los derechos de las personas -- Derechos humanos y derechos fundamentales -- Los derechos de los usuarios -- Deontología -- Códigos deontológicos -- El código deontológico de la enfermería española -- Modelos de responsabilidad moral -- Bioética -- Modelos de responsabilidad moral -- La dimensión ética de los cuidados de enfermería -- Modelos de toma de decisiones -- Los comité de ética -- La toma de decisiones y sus procedimientos -- Dilemas éticos -- el consentimiento informado -- El paciente en situación de terminalidad. la eutanasia -- Algunas cuestiones en torno al aborto -- La manipulación genética -- Problemas éticos en torno al síndrome de inmunodeficiencia adquirida (SIDA) -- Introducción al derechos -- Nociones generales sobre legislación sanitaria -- La norma jurídica -- La actividad jurídica de la persona -- La incapacitación -- aspectos legales del ejercicio enfermero -- Formación y competencia profesional -- La organización colegial -- La responsabilidad jurídica de las enfermeras -- La responsabilidad civil -- La responsabilidad penal de la enfermera. | |
| 526 | _aP203 | ||
| 526 | _aP200 | ||
| 526 | _aSEG65 | ||
| 526 | _aSEG64 | ||
| 526 | _aSEG63 | ||
| 526 | _aSEG62 | ||
| 526 | _aSEG61 | ||
| 526 | _aSEG60 | ||
| 526 | _aSEG59 | ||
| 526 | _aSEG58 | ||
| 526 | _aSEG57 | ||
| 526 | _aSEG56 | ||
| 526 | _aSEG55 | ||
| 526 | _aSEG54 | ||
| 526 | _aSEG53 | ||
| 526 | _aSEG52 | ||
| 526 | _aSEG51 | ||
| 526 | _aSEG50 | ||
| 526 | _aSEG49 | ||
| 526 | _aSEG48 | ||
| 526 | _aSEG47 | ||
| 526 | _aSEG46 | ||
| 526 | _aSEG24 | ||
| 526 | _aSEG23 | ||
| 526 | _aSEG22 | ||
| 526 | _aSEG21 | ||
| 526 | _aSEG20 | ||
| 526 | _aSEG19 | ||
| 526 | _aSEG18 | ||
| 526 | _aSEG17 | ||
| 526 | _aSEG16 | ||
| 526 | _aSEG14 | ||
| 526 | _aSEG13 | ||
| 526 | _aSEG12 | ||
| 526 | _aSEG11 | ||
| 526 | _aSEG10 | ||
| 526 | _aSEG09 | ||
| 526 | _aSEG06 | ||
| 526 | _aSEG05 | ||
| 526 | _aSEG04 | ||
| 526 | _aSEG03 | ||
| 526 | _aSEG02 | ||
| 526 | _aSEG68 | ||
| 526 | _aSEG66 | ||
| 526 | _aSEG45 | ||
| 526 | _aSEG25 | ||
| 526 | _aSEG01 | ||
| 526 | _aP163 | ||
| 526 | _aP162 | ||
| 526 | _aP161 | ||
| 526 | _aP160 | ||
| 526 | _aP159 | ||
| 526 | _aP158 | ||
| 526 | _aP157 | ||
| 526 | _aP156 | ||
| 526 | _aP155 | ||
| 526 | _aP154 | ||
| 526 | _aP153 | ||
| 526 | _aP152 | ||
| 526 | _aP151 | ||
| 526 | _aP150 | ||
| 526 | _aP149 | ||
| 526 | _aP142 | ||
| 526 | _aP141 | ||
| 526 | _aP140 | ||
| 526 | _aP139 | ||
| 526 | _aP138 | ||
| 526 | _aP137 | ||
| 526 | _aP132 | ||
| 526 | _aP131 | ||
| 526 | _aP130 | ||
| 526 | _aP126 | ||
| 526 | _aP125 | ||
| 526 | _aP124 | ||
| 526 | _aP123 | ||
| 526 | _aP115 | ||
| 526 | _aP122 | ||
| 526 | _aP121 | ||
| 526 | _aP116 | ||
| 526 | _a P114 | ||
| 526 | _aP112 | ||
| 526 | _aP111 | ||
| 526 | _aP104 | ||
| 526 | _aP103 | ||
| 526 | _aP102 | ||
| 526 | _aP101 | ||
| 526 | _aP100 | ||
| 526 | _aP96 | ||
| 526 | _aP95 | ||
| 526 | _aP93 | ||
| 526 | _aP92 | ||
| 526 | _aP91 | ||
| 526 | _aP88 | ||
| 526 | _aP83 | ||
| 526 | _aP82 | ||
| 526 | _aP79 | ||
| 526 | _aP78 | ||
| 526 | _aP75 | ||
| 526 | _aP74 | ||
| 526 | _aP71 | ||
| 526 | _aP69 | ||
| 526 | _a P51 | ||
| 526 | _aP49 | ||
| 526 | _aP48 | ||
| 526 | _aP47 | ||
| 526 | _aP33 | ||
| 526 | _aP31 | ||
| 526 | _a P30 | ||
| 526 | _aP29 | ||
| 526 | _aP27 | ||
| 526 | _aP26 | ||
| 526 | _aP25 | ||
| 526 | _aP24 | ||
| 526 | _a P22 | ||
| 526 | _aP10 | ||
| 526 | _aP09 | ||
| 526 | _a P08 | ||
| 526 | _aP06 | ||
| 526 | _aP05 | ||
| 526 | _aP04 | ||
| 526 | _aP01 | ||
| 650 | 1 | 4 |
_aEnfermería _xAspectos jurídicos. _95028 |
| 650 | 2 | 4 |
_aEnfermería _xÉtica profesional. _95029 |
| 650 | 2 | 4 |
_aResponsabilidad en enfermería. _95030 |
| 942 |
_2ddc _cBK |
||
| 949 |
_wDEWEY _c1 _i59719 _lCCODEBUL1 _mBUL _p159.00 _r0 _sY _tLIBRO _u2015-07-06 _xSALUD _o.STAFF. Colección Ciencias de la Salud |
||
| 949 |
_wDEWEY _c1 _iFJ06442 _lCCODEBUJ1 _mBUJ _p50.00 _r0 _sY _tBOOK _u2017-02-03 _xSALUD _zENFERMERÍA _0COMPRA _o.STAFF. Colección General Juliaca |
||
| 980 |
_81 _gALBERTO SANCHEZ Responsable de Automatización |
||
| 999 |
_c49265 _d49265 |
||